000 00306nam a22001457a 4500
008 210303b ||||| |||| 00| 0 eng d
020 _a9781584265238
041 _aeng
080 _a61
082 _a61
100 _a3
101 _aSHM
245 _aICD-10-CM Code Book
_cCasto, A.B
942 _2udc
_cBK
999 _c55645
_d55645